Support of CCI in Slovakia and EU

Súčasná decentralizovaná podpora CCI a porovnanie súčasnej situácie s CCI predchádzajúcich programov. Analýza centralizovanej podpory na úrovni EÚ a hodnotenie cieľov, ktoré boli (alebo mali byť) dosiahnuté na národnej úrovni od vytvorenia prvých podporných postupy. Dokument tiež analyzuje novú dece...

Ausführliche Beschreibung

Gespeichert in:
Bibliographische Detailangaben
1. Verfasser: Baculáková, Kristína, 1988-
Format: Buchkapitel
Sprache:Englisch
Schlagworte:
Tags: Tag hinzufügen
Keine Tags, Fügen Sie das erste Tag hinzu!

MARC

LEADER 00000nla a2200000 4500
001 0243820
005 20240502083652.9
041 0 |a eng 
044 |a CZ 
245 1 0 |a Support of CCI in Slovakia and EU 
520 |a Súčasná decentralizovaná podpora CCI a porovnanie súčasnej situácie s CCI predchádzajúcich programov. Analýza centralizovanej podpory na úrovni EÚ a hodnotenie cieľov, ktoré boli (alebo mali byť) dosiahnuté na národnej úrovni od vytvorenia prvých podporných postupy. Dokument tiež analyzuje novú decentralizovanú formu podpory pre podnikateľov a ponúka kritický pohľad na stav v porovnaní s inými európskymi krajinami. 
610 2 0 |a kultúra 
610 2 0 |a priemysel kreatívny 
610 2 0 |a podpora štátna 
610 2 0 |a Európska únia 
100 1 |a Baculáková, Kristína, 1988-